LEADER 01024nam a2200253 i 4500 001 000000135434 003 CaOOAMICUS 005 20250905121045.0 008 050303s1973 it u000 u mul u 040 $aSeMil$bita 100 0 $aAmmianus Marcellinus,$d.$0(OLS)http://semarc/name/89951 245 13$aLe storie /$cdi Ammiano Marcellino ; a cura di Antonio Selem. 250 $a2. ed. riveduta. 264 1$aTorino :$bUnione Tipografico-Editrice Torinese,$c1973. 300 $a166 p., [11] c. di tav. ;$c24 cm. 490 1 $aClassici latini 546 $aTesto latino a fronte 700 1 $aSelem, Antonio.$0(OLS)http://semarc/name/45608 830 0$aClassici latini .$0(OLS)http://semarc/title/101 850 $aSeMil 852 $aSeMil$W1$xVenegono$y1$m1Y V 9$j261510$B89100$CSeMilBibl$Z2$F93786 $81 996 $6245$aLe storie$9(OLS)http://semarc/title/1810 996 $6264$aTorino :$bUnione Tipografico-Editrice Torinese$9(OLS)http://semarc/publisher/29628 LEADER 01126nam a2200277 i 4500 001 000000183219 003 CaOOAMICUS 005 20151111000000.0 008 151111s1987 it u000 u ita u 013 $a161183 020 $a88-263-0571-4 040 $aSeMil$bita 100 1 $aSobrino, Jon,$c.$0(OLS)http://semarc/name/90450 240 10$aLiberación con espíritu apuntes para una nueva espiritualidad.$0(OLS)http://semarc/title/262973 245 10$aTracce per una nuova spiritualità /$cJon Sobrino. 260 $aRoma :$bBorla,$ccopyr. 1987. 300 $a263 p. ;$c19 cm. 490 0 $aLe spighe 650 4$aSpiritualità - Studi.$0(OLS)http://semarc/subject/5263 830 3$aLe spighe.$0(OLS)http://semarc/title/425377 850 $aSeMil 852 $aSeMil$W1$xVenegono$y1$m3F IV 635$j133923$B133923$CSeMilBibl$Z2$F208258 $81 961 $aOmaggio: Martinelli don Romano 996 $6020$a88-263-0571-4$9(OLS)http://semarc/number/172936 996 $6245$aTracce per una nuova spiritualità$9(OLS)http://semarc/title/262972 996 $6260$aRoma :$bBorla$9(OLS)http://semarc/publisher/29677